|
|
|
|
| LEADER |
00000cam a2200000 7i4500 |
| 001 |
0000024161 |
| 005 |
20120116.0 |
| 008 |
120111s at a eng |
| 020 |
|
|
|a 0324153732 ,
|c RM202.14
|
| 040 |
|
|
|a INS
|
| 090 |
0 |
0 |
|a KF2042.R4
|b L39 2002
|
| 100 |
1 |
|
|a Lawson,Virgina L
|
| 245 |
1 |
0 |
|a Sales contracts for the real estate professional
|c Virgina L. Lawson
|
| 260 |
|
|
|a Mason :
|b South-Western ,
|c 2002
|
| 300 |
|
|
|a vi, 58p. ;
|c 30cm.
|
| 650 |
|
0 |
|a Contrats for deeds
|z United Sates
|
| 650 |
|
0 |
|a Real estate
|x Law and legislation
|z United States
|
| 650 |
|
0 |
|a Vendors and purchasers
|z United States
|
| 999 |
|
|
|a 1000000643
|b BOOK
|c Open Shelf
|e Default branch
|